000 00761cab a2200193 4500
001 ##L131340
008 051021n2005 000 0 eng u
035 _a(Sirsi) u131340
041 0 _aeng
100 1 _aHolland, Edward
245 0 4 _aThe preservation of timber in historic buildings
260 _c2005
490 0 0 _aProperty Care
_v(14) Summer 2005, 7-9(3)
520 _aThe author discusses some of the problems encountered with the repair and maintenance of timber features in historic buildings, giving practical examples from his own experience.
590 _aIKA251005
650 2 4 _aPLANNING (LISTED BUILDINGS AND CONSERVATION AREAS) ACT 1990
690 _aBUILT ENVIRONMENT-BUILDING TYPES-HISTORIC BUILDINGS AND ANCIENT MONUMENTS
942 _n0
999 _c76050
_d76050